Free money for small businesses and entrepreneurs /

Bibliographic Details
Main Author: Blum, Laurie
Format: Book
Language:English
Published: New York : Wiley, [1989]
Edition:Rev. and updated.
Subjects:

MARC

Tag First Indicator Second Indicator Subfields
LEADER 00000cam a2200000 a 4500
001 in00000869578
005 20151019135523.0
008 890314s1989 nyu br 00010 eng
010 |a  89031894  
020 |a 0471623377 
020 |a 0471623385 (pbk.) 
035 |a (OCoLC)19555033 
035 |9 AEK2637AM 
040 |a DLC  |c DLC  |d TXA  |d UtOrBLW 
043 |a n-us--- 
049 |a TXAM  |c [A12507023] 
050 0 0 |a HG4027.7  |b .B58 1989 
082 0 0 |a 658.15/224  |2 20 
100 1 |a Blum, Laurie. 
245 1 0 |a Free money for small businesses and entrepreneurs /  |c Laurie Blum. 
250 |a Rev. and updated. 
264 1 |a New York :  |b Wiley,  |c [1989] 
264 4 |c ©1989 
300 |a vii, 227 pages ;  |c 24 cm. 
336 |a text  |b txt  |2 rdacontent 
337 |a unmediated  |b n  |2 rdamedia 
338 |a volume  |b nc  |2 rdacarrier 
504 |a Includes bibliographical references (pages 225-227). 
650 0 |a Small business  |z United States  |x Finance  |v Directories. 
650 0 |a Commercial loans  |z United States  |x Directories. 
650 0 |a Endowments  |z United States  |v Directories. 
650 0 |a Federal aid to community development  |z United States  |x Directories. 
999 |a MARS 
999 f f |s 14169ee8-1af8-3f42-9133-538bc00eeceb  |i 3cd78d63-c908-3ea8-954e-afcb4d199c6f  |t 0 
952 f f |p normal  |a Texas A&M University  |b College Station  |c Sterling C. Evans Library  |d Evans: Library Stacks  |t 0  |e HG4027.7 .B58 1989  |h Library of Congress classification  |i unmediated -- volume  |m A14812507023 
998 f f |a HG4027.7 .B58 1989  |t 0  |l Evans: Library Stacks